| 000 | 00455nam a2200169Ia 4500 | ||
|---|---|---|---|
| 005 | 20260429111945.0 | ||
| 008 | 260429s9999||||xx |||||||||||||| ||und|| | ||
| 020 | _a9789370444416 | ||
| 041 | _aEnglish | ||
| 082 |
_a530.15 _bSIN |
||
| 100 | _aSinha, Kumar Sanjay | ||
| 245 | 0 |
_aMathematical physics / _cKumar Sanjay Sinha |
|
| 260 |
_aNew Delhi : _bAsia Publishers, _c2025. |
||
| 300 | _ax, 260 p.; hb | ||
| 650 | _aMathematical physics | ||
| 942 | _cTB | ||
| 999 |
_c51615 _d51615 |
||